MARC details
| 000 -LEADER |
| fixed length control field |
01069nam a2200277Ia 4500 |
| 003 - CONTROL NUMBER IDENTIFIER |
| control field |
IN-BaIIA |
| 008 - FIXED-LENGTH DATA ELEMENTS--GENERAL INFORMATION |
| fixed length control field |
211028s9999 xx 000 0 eng d |
| 020 ## - INTERNATIONAL STANDARD BOOK NUMBER |
| International Standard Book Number |
90-277-1280-8 |
| 040 ## - CATALOGING SOURCE |
| Transcribing agency |
IIA Library |
| 080 ## - UNIVERSAL DECIMAL CLASSIFICATION NUMBER |
| Universal Decimal Classification number |
082.2:52 |
| Item number |
IAU-95 |
| 111 ## - MAIN ENTRY--MEETING NAME |
| Meeting name or jurisdiction name as entry element |
International Astronomical Union Symposium |
| Number of part/section/meeting |
95th |
| Location of meeting |
Germany |
| Date of meeting or treaty signing |
1980 Aug. 26-29 |
| 9 (RLIN) |
12962 |
| 245 #0 - TITLE STATEMENT |
| Title |
Pulsars |
| Remainder of title |
proceedings of the International Astronomical Union Symposium No.95, held in Bonn, Federal Republic of Germany August 26-29. 1980 |
| Statement of responsibility, etc. |
edited by W. Sieber and R. Wielebinski |
| 260 ## - PUBLICATION, DISTRIBUTION, ETC. |
| Place of publication, distribution, etc. |
Dordrecht |
| Name of publisher, distributor, etc. |
D. Reidel Publishing |
| Date of publication, distribution, etc. |
1981 |
| 300 ## - PHYSICAL DESCRIPTION |
| Extent |
xv, 475p. |
| 490 ## - SERIES STATEMENT |
| Series statement |
IAU Symposium; no. 95 |
| 500 ## - GENERAL NOTE |
| General note |
Donated by Mrs. Bappu |
| 650 ## - SUBJECT ADDED ENTRY--TOPICAL TERM |
| Topical term or geographic name entry element |
Astronomy and Astrophysics Thesaurus |
| 650 ## - SUBJECT ADDED ENTRY--TOPICAL TERM |
| Topical term or geographic name entry element |
Binary Pulsars |
| 9 (RLIN) |
7213 |
| 650 ## - SUBJECT ADDED ENTRY--TOPICAL TERM |
| Topical term or geographic name entry element |
Collapsed Stars |
| 9 (RLIN) |
12963 |
| 650 ## - SUBJECT ADDED ENTRY--TOPICAL TERM |
| Topical term or geographic name entry element |
Optical Pulsars |
| 9 (RLIN) |
12964 |
| 650 ## - SUBJECT ADDED ENTRY--TOPICAL TERM |
| Topical term or geographic name entry element |
Pulsars |
| 9 (RLIN) |
7214 |
| 700 ## - ADDED ENTRY--PERSONAL NAME |
| Personal name |
Sieber, W., ed. |
| 9 (RLIN) |
12965 |
| 700 ## - ADDED ENTRY--PERSONAL NAME |
| Personal name |
Wielebinski, R., ed. |
| 9 (RLIN) |
12966 |
| 710 ## - ADDED ENTRY--CORPORATE NAME |
| Corporate name or jurisdiction name as entry element |
International Astronomical Union |
| 942 ## - ADDED ENTRY ELEMENTS (KOHA) |
| Koha item type |
Books |